00438nam a2200205Ia 4500003000900000008004100009040001300050040001300063041000800076100002300084245003200107250001000139260001400149260000900163300001100172300000800183490002300191490000900214710000900223IT-RoPAU120407s9999 xx 000 0 und d aIT-RoPAU cIT-RoPAU aita aPierre Vandrepote  aQuestioni storiche moderne. aParis aGallimard c1988 a192 p. c cm aLes Temps modernes v1502 aetc.